000 01398nam0a2200349 4500
001 RU\NLR\bibl\1054296
005 20260608070009.0
010 _a5-9524-2406-6
_910000
021 _aRU
_b2007-3023
_9147
035 _a(nilc)RSL-KNO-003030724
035 _a(NLR Aleph) 001041593
090 _a822165
_c822165
100 _a20070213d2006 |||y0rusy50 ca
101 0 _arus
102 _aRU
105 _aa zzzz|||||
106 _ar
200 1 _aЕлена Премудрая
_e[для чтения взрослыми детям]
_f[рус. нар. сказка из сб. А. Н. Афанасьева]
_g[худож. Ж. В. Варенцова, М. А. Салин]
210 _aМосква
_cЦентрполиграф
_d2006
215 _a[16] с.
_cцв. ил.
_d30
225 1 _aСерия "Любимая книжка"
610 0 _aДетская литература
686 _aШ9(2)3=Р0-2
_2rubbk
702 1 _4220
_7ca
_8rus
_aАфанасьев
_bА. Н.
_cфольклорист
_f1826-1871
_gАлександр Николаевич
_9118131
_3RU\NLR\auth\778217
702 1 _4040
_aВаренцова
_bЖ. В.
_cхудожник
_gЖанетта Васильевна
_9174890
_3RU\NLR\AUTH\770174941
801 0 _aRU
_bРКП
_c20070213
_grcr
801 1 _aRU
_bРГБ
_c20070213
801 2 _aRU
_bNLR
_c20070305
_grcr
942 _cBOOK
980 _aNB